ბათუმის შოთა რუსთაველის სახელმწიფო უნივერსიტეტის ბიბლიოთეკა

რელიგია და ეკონომიკა : (ბიბ.ჩანაწერი № 49609)

000 -ლიდერი
ფიქსირებული სიგრძის საკონტროლო ველი 01045nam a2200265Ia 4500
001 - საკონტროლო ნომერი
საკონტროლო ველი 16541
003 - საკონტროლო ნომრის იდენტიფიკატორი
საკონტროლო ველი GE_BSU
005 - ბოლო ოპერაციის თარიღი და დრო
საკონტროლო ველი 20221021143505.0
008 - ფიქსირებული სიგრძის მონაცემთა ელემენტები - ზოგადი ინფორმაცია
ფიქსირებული სიგრძის საკონტროლო ველი 181216s2010||||ge |||||||||||||| ||geo||
020 ## - წიგნის საერთაშორისო სტანდარტული ნომერი
International Standard Book Number 9789941412035
040 ## - კატალოგიზაციის წყარო
Transcribing agency GE_BSU
041 ## - ენის კოდი
Language code of text/sound track or separate title geo
080 ## - უნივერსალური ათობითი კლასიფიკაციის ინდექსი
Universal Decimal Classification number 2+330.1 ც-51
100 ## - მთავარი ჩანაწერი - პიროვნების სახელი
Personal name ცეცხლაძე, მურმან
9 (RLIN) 10750
245 ## - ცნობა სათაურის შესახებ
Title რელიგია და ეკონომიკა :
Remainder of title [მონოგრაფია] /
Statement of responsibility, etc მურმან ცეცხლაძე ; [რედ. ასლან მახაძე].
264 ## - წარმოების, გამოცემის, დისტრიბუციის და სხვა ცნობები
გამოცემის, წარმოების, დისტრიბუციის... ადგილი ბათუმი
გამოცემის, წარმოების, დისტრიბუციის... სახელწოდება შოთა რუსთაველის სახელმწ. უნ-ტი
გამოცემის, წარმოების, დისტრიბუციის... თარიღი 2010
300 ## - ფიზიკური აღწერა
Extent 264 გვ.;
Other physical details 20 სმ.
300 ## - ფიზიკური აღწერა
Accompanying material .
504 ## - BIBLIOGRAPHY, ETC. NOTE
Bibliography, etc ბიბლიოგრ.: გვ. 260-261
520 ## - SUMMARY, ETC.
Summary, etc რეზ. ინგლ.
653 ## - INDEX TERM--UNCONTROLLED
Uncontrolled term რელიგია და ეკონომიკა
700 ## - ADDED ENTRY--PERSONAL NAME
Personal name მახაძე, ასლან
Relator term რედაქტორი
9 (RLIN) 13027
942 ## - ADDED ENTRY ELEMENTS (KOHA)
Koha item type წიგნი
Source of classification or shelving scheme
ეგზემპლარები
ჩამოწერის სტატუსი დაკარგული ეგზემპლარის სტატუსი კლასიფიკაციის წყარო ან თაროზე გაწყობის სქემა დაზიანების სტატუსი არ გაიცემა მუდმივი მდებარეობა (დაცვის ადგილი) ამჟამინდელი ადგილსამყოფელი თაროზე განთავსების ადგილი შეძენის თარიღი ღირებულება, შესყიდვის ნორმალური ფასი სრული შენახვის შიფრი შტრიხკოდი ბოლო ოპერაციის თარიღი ეგზემპლარის მიმდევრობითი ნომერი (კეტერი?) ფასის ძალაში შესვლის თარიღი ეგზემპლარის სახეობა საჯარო შენიშვნა
          ბათუმის შოთა რუსთაველის სახელმწიფო უნივერსიტეტის მთავარი ბიბლიოთეკა ბათუმის შოთა რუსთაველის სახელმწიფო უნივერსიტეტის მთავარი ბიბლიოთეკა წიგნსაცავი 2018-12-17 12.00 2+330.1 ც-51 27594 2018-12-17 27594 2018-12-17 წიგნი 12 ლ.